| 000 | 00886nam a2200277 i 4500 | ||
|---|---|---|---|
| 001 | bg | ||
| 245 | 0 | 0 |
_aCzęść i całość / _cpod red. Teresy Grabińskiej i Mirosława Zabierowskiego. |
| 260 |
_aWrocław : _bOficyna Wydawnicza Politechniki Wrocławskiej, _c2002. |
||
| 300 |
_a219, [5] s. ; _c24 cm. |
||
| 490 | 1 |
_aCosmos-Logos ; _vt. 5 |
|
| 500 | _aTyt. równol.: Part and whole. Tekst częśc. ang. - Streszcz. pol., ang. | ||
| 504 | _aBibliogr. przy pracach. | ||
| 650 | 9 |
_aKosmologia _xzagadnienia |
|
| 650 | 9 |
_aEtyka _xzagadnienia |
|
| 650 | 9 |
_aSemantyka logiczna _xzagadnienia |
|
| 650 | 9 | _aFilozofia przyrody | |
| 650 | 9 | _aSztuka a polityka | |
| 830 | _aCosmos-Logos ; | ||
| 020 | _a8370856268 | ||
| 040 | _cBPK | ||
| 041 | 0 |
_apoleng _bpoleng |
|
| 080 | _a11/12:16:17 | ||
| 920 | _a83-7085-626-8 | ||
| 942 | _cKS | ||
| 008 | s pl f |000 0 pol | ||
| 999 |
_c42479 _d42479 |
||
| 856 |
_uhttp://koha.tu.koszalin.pl/cgi-bin/koha/opac-detail.pl?biblionumber=42479 _yKatalog online BPK |
||